<?xml version="1.0" encoding="UTF-8"?>
<collection xmlns="http://www.loc.gov/MARC21/slim">
 <record>
  <leader>03334nam a2200409 a 4500</leader>
  <controlfield tag="001">30940</controlfield>
  <controlfield tag="003">BD-DhAAL</controlfield>
  <controlfield tag="005">20250820164449.0</controlfield>
  <controlfield tag="008">160224s2010    caua     b    001 0 eng  </controlfield>
  <datafield tag="010" ind1=" " ind2=" ">
   <subfield code="a">  2009029117</subfield>
  </datafield>
  <datafield tag="020" ind1=" " ind2=" ">
   <subfield code="a">9780470281918 (pbk.)</subfield>
  </datafield>
  <datafield tag="020" ind1=" " ind2=" ">
   <subfield code="a">047028191X (pbk.)</subfield>
  </datafield>
  <datafield tag="040" ind1=" " ind2=" ">
   <subfield code="a">DLC</subfield>
   <subfield code="c">DLC</subfield>
   <subfield code="d">C#P</subfield>
   <subfield code="d">FDA</subfield>
   <subfield code="d">CDX</subfield>
   <subfield code="d">MUM</subfield>
   <subfield code="d">UKM</subfield>
   <subfield code="d">DLC</subfield>
   <subfield code="d">BD-DhAAL</subfield>
  </datafield>
  <datafield tag="050" ind1="0" ind2="0">
   <subfield code="a">LB2342.92</subfield>
   <subfield code="b">.B34 2010</subfield>
  </datafield>
  <datafield tag="082" ind1="0" ind2="0">
   <subfield code="a">378.1/25</subfield>
   <subfield code="2">22</subfield>
  </datafield>
  <datafield tag="100" ind1="1" ind2=" ">
   <subfield code="a">Barkley, Elizabeth F.</subfield>
   <subfield code="9">18137</subfield>
  </datafield>
  <datafield tag="245" ind1="1" ind2="0">
   <subfield code="a">Student engagement techniques :</subfield>
   <subfield code="b">a handbook for college faculty /</subfield>
   <subfield code="c">Elizabeth F. Barkley.</subfield>
  </datafield>
  <datafield tag="260" ind1=" " ind2=" ">
   <subfield code="a">San Francisco :</subfield>
   <subfield code="b">Jossey-Bass,</subfield>
   <subfield code="c">c2010.</subfield>
  </datafield>
  <datafield tag="300" ind1=" " ind2=" ">
   <subfield code="a">xv, 398 pages :</subfield>
   <subfield code="b">illustrations ;</subfield>
   <subfield code="c">28 cm.</subfield>
  </datafield>
  <datafield tag="490" ind1="1" ind2=" ">
   <subfield code="a">The Jossey-Bass higher and adult education series</subfield>
  </datafield>
  <datafield tag="504" ind1=" " ind2=" ">
   <subfield code="a">Includes bibliographical references (p. 379-389) and index.</subfield>
  </datafield>
  <datafield tag="505" ind1="0" ind2=" ">
   <subfield code="a">Pt. 1. A conceptual framework for understanding student engagement -- What does student engagement mean? -- Engagement and motivation -- Engagement and active learning -- Promoting synergy between motivation and active learning -- Additional facets to consider -- From theory to practice: teachers talk about student engagement -- Pt. 2. Tips and strategies (T/S) -- Tips and strategies for fostering motivation -- Tips and strategies for promoting active learning -- Tips and strategies for building community -- Tips and strategies for ensuring students are appropriately challenged -- Tips and strategies to promote holistic learning -- Pt. 3. Student engagement techniques (SETS) -- Knowledge, skills, recall, and understanding -- Analysis and critical thinking -- Synthesis and creative thinking -- Problem solving -- Application and performance -- Attitudes and values -- Self-awareness as learners -- Learning and study skills.</subfield>
  </datafield>
  <datafield tag="526" ind1=" " ind2=" ">
   <subfield code="a">AAL</subfield>
  </datafield>
  <datafield tag="541" ind1=" " ind2=" ">
   <subfield code="e">30940, 30941</subfield>
  </datafield>
  <datafield tag="650" ind1=" " ind2="0">
   <subfield code="a">Academic achievement</subfield>
   <subfield code="z">United States.</subfield>
   <subfield code="9">18138</subfield>
  </datafield>
  <datafield tag="650" ind1=" " ind2="0">
   <subfield code="a">Classroom environment</subfield>
   <subfield code="z">United States.</subfield>
   <subfield code="9">18139</subfield>
  </datafield>
  <datafield tag="650" ind1=" " ind2="0">
   <subfield code="a">College teaching</subfield>
   <subfield code="z">United States.</subfield>
   <subfield code="9">18140</subfield>
  </datafield>
  <datafield tag="650" ind1=" " ind2="0">
   <subfield code="a">Motivation in education</subfield>
   <subfield code="z">United States.</subfield>
   <subfield code="9">18141</subfield>
  </datafield>
  <datafield tag="830" ind1=" " ind2="0">
   <subfield code="a">Jossey-Bass higher and adult education series.</subfield>
   <subfield code="9">18142</subfield>
  </datafield>
  <datafield tag="942" ind1=" " ind2=" ">
   <subfield code="2">ddc</subfield>
   <subfield code="c">BK</subfield>
  </datafield>
  <datafield tag="999" ind1=" " ind2=" ">
   <subfield code="c">36923</subfield>
   <subfield code="d">36923</subfield>
  </datafield>
  <datafield tag="952" ind1=" " ind2=" ">
   <subfield code="0">0</subfield>
   <subfield code="1">0</subfield>
   <subfield code="2">ddc</subfield>
   <subfield code="4">0</subfield>
   <subfield code="6">378_125000000000000_BAR</subfield>
   <subfield code="7">0</subfield>
   <subfield code="9">58142</subfield>
   <subfield code="a">BRACUL</subfield>
   <subfield code="b">BRACUL</subfield>
   <subfield code="c">GEN</subfield>
   <subfield code="d">2016-02-24</subfield>
   <subfield code="e">Karim International</subfield>
   <subfield code="g">2990.00</subfield>
   <subfield code="l">4</subfield>
   <subfield code="m">1</subfield>
   <subfield code="o">378.125 BAR</subfield>
   <subfield code="p">3010030940</subfield>
   <subfield code="r">2017-08-23</subfield>
   <subfield code="s">2017-06-21</subfield>
   <subfield code="t">1</subfield>
   <subfield code="w">2016-02-24</subfield>
   <subfield code="y">BK</subfield>
  </datafield>
  <datafield tag="952" ind1=" " ind2=" ">
   <subfield code="0">0</subfield>
   <subfield code="1">0</subfield>
   <subfield code="2">ddc</subfield>
   <subfield code="4">0</subfield>
   <subfield code="6">378_125000000000000_BAR</subfield>
   <subfield code="7">0</subfield>
   <subfield code="9">58143</subfield>
   <subfield code="a">BRACUL</subfield>
   <subfield code="b">BRACUL</subfield>
   <subfield code="c">GEN</subfield>
   <subfield code="d">2016-02-24</subfield>
   <subfield code="e">Karim International</subfield>
   <subfield code="g">2990.00</subfield>
   <subfield code="l">3</subfield>
   <subfield code="m">2</subfield>
   <subfield code="o">378.125 BAR</subfield>
   <subfield code="p">3010030941</subfield>
   <subfield code="r">2017-09-24</subfield>
   <subfield code="s">2017-09-12</subfield>
   <subfield code="t">2</subfield>
   <subfield code="w">2016-02-24</subfield>
   <subfield code="y">BK</subfield>
  </datafield>
  <datafield tag="952" ind1=" " ind2=" ">
   <subfield code="0">0</subfield>
   <subfield code="1">0</subfield>
   <subfield code="2">ddc</subfield>
   <subfield code="4">0</subfield>
   <subfield code="6">378_125000000000000_BAR</subfield>
   <subfield code="7">0</subfield>
   <subfield code="9">61816</subfield>
   <subfield code="a">BRACUL</subfield>
   <subfield code="b">BRACUL</subfield>
   <subfield code="c">GEN</subfield>
   <subfield code="d">2017-11-07</subfield>
   <subfield code="e">Karim International</subfield>
   <subfield code="g">3200.00</subfield>
   <subfield code="l">1</subfield>
   <subfield code="o">378.125 BAR</subfield>
   <subfield code="p">3010032012</subfield>
   <subfield code="r">2018-04-22</subfield>
   <subfield code="s">2018-02-10</subfield>
   <subfield code="t">3</subfield>
   <subfield code="v">3200.00</subfield>
   <subfield code="w">2017-11-07</subfield>
   <subfield code="y">BK</subfield>
  </datafield>
  <datafield tag="952" ind1=" " ind2=" ">
   <subfield code="0">0</subfield>
   <subfield code="1">0</subfield>
   <subfield code="2">ddc</subfield>
   <subfield code="4">0</subfield>
   <subfield code="6">378_125000000000000_BAR</subfield>
   <subfield code="7">0</subfield>
   <subfield code="9">61817</subfield>
   <subfield code="a">BRACUL</subfield>
   <subfield code="b">BRACUL</subfield>
   <subfield code="c">GEN</subfield>
   <subfield code="d">2017-11-07</subfield>
   <subfield code="e">Karim International</subfield>
   <subfield code="g">3200.00</subfield>
   <subfield code="l">0</subfield>
   <subfield code="o">378.125 BAR</subfield>
   <subfield code="p">3010032013</subfield>
   <subfield code="r">2017-11-07</subfield>
   <subfield code="t">4</subfield>
   <subfield code="v">3200.00</subfield>
   <subfield code="w">2017-11-07</subfield>
   <subfield code="y">BK</subfield>
  </datafield>
  <datafield tag="952" ind1=" " ind2=" ">
   <subfield code="0">0</subfield>
   <subfield code="1">0</subfield>
   <subfield code="2">ddc</subfield>
   <subfield code="4">0</subfield>
   <subfield code="6">378_125000000000000_BAR</subfield>
   <subfield code="7">0</subfield>
   <subfield code="9">61818</subfield>
   <subfield code="a">BRACUL</subfield>
   <subfield code="b">BRACUL</subfield>
   <subfield code="c">GEN</subfield>
   <subfield code="d">2017-11-07</subfield>
   <subfield code="e">Karim International</subfield>
   <subfield code="g">3200.00</subfield>
   <subfield code="l">1</subfield>
   <subfield code="o">378.125 BAR</subfield>
   <subfield code="p">3010032014</subfield>
   <subfield code="r">2018-11-29</subfield>
   <subfield code="s">2018-11-28</subfield>
   <subfield code="t">5</subfield>
   <subfield code="v">3200.00</subfield>
   <subfield code="w">2017-11-07</subfield>
   <subfield code="y">BK</subfield>
  </datafield>
  <datafield tag="952" ind1=" " ind2=" ">
   <subfield code="0">0</subfield>
   <subfield code="1">0</subfield>
   <subfield code="2">ddc</subfield>
   <subfield code="4">0</subfield>
   <subfield code="6">378_125000000000000_BAR</subfield>
   <subfield code="7">0</subfield>
   <subfield code="9">64681</subfield>
   <subfield code="a">BRACUL</subfield>
   <subfield code="b">BRACUL</subfield>
   <subfield code="c">GEN</subfield>
   <subfield code="d">2018-11-19</subfield>
   <subfield code="e">PDC</subfield>
   <subfield code="g">2893.12</subfield>
   <subfield code="l">0</subfield>
   <subfield code="o">378.125 BAR</subfield>
   <subfield code="p">3010034018</subfield>
   <subfield code="r">2023-02-15</subfield>
   <subfield code="t">6</subfield>
   <subfield code="v">2893.12</subfield>
   <subfield code="w">2018-11-19</subfield>
   <subfield code="y">BK</subfield>
  </datafield>
 </record>
</collection>
